Morse Code Alphabet Quiz Stats

 Plays Quiz Updated Dec 17, 2018

Support Sporcle.
Go Orange.
Score 0/26 Timer 02:00
179 Plays Today
Morse Code Letter % Correct
.E
83.3%
---O
81.5%
...S
81.4%
.-A
81.3%
....H
81%
-T
80.7%
..I
80%
-.-.C
78.1%
--M
77.8%
-.N
76.2%
.-.R
74.7%
-.-K
73.6%
-...B
72.1%
Morse Code Letter % Correct
.--.P
71.9%
-..D
70.8%
--..Z
70.5%
-..-X
70.2%
.---J
69.9%
..-.F
69.3%
.-..L
69.1%
--.-Q
67.8%
...-V
67.2%
..-U
67.1%
-.--Y
67%
--.G
66.5%
.--W
63.7%

From the Vault

Finnish-English Name Dictionary

by nightfloat

Language 15m
We honestly thought there'd be more people named Fjord.
Remove Ads.
Support Sporcle.
Get the best of Sporcle when you Go Orange. This ad-free experience offers more features, more stats, and more fun while also helping to support Sporcle. Thank you for becoming a member.

Show Comments

Extras

Top Quizzes Today


Score Distribution

Your Account Isn't Verified!

In order to create a playlist on Sporcle, you need to verify the email address you used during registration. Go to your Sporcle Settings to finish the process.

Report this User

Report this user for behavior that violates our Community Guidelines.

Details: